000 00803nam a2200253 a 4500
001 000019636
005 20200929170102.0
008 880120s1966 sp 001 edspa d
040 _aDO-SdBNP
_cICU
_dDLC
082 _a864.6
_bR175c, 1966
100 1 _aRamón y Cajal, Santiago,
_d1852-1934
_919443
245 1 0 _aCharlas de café :
_bpensamientos, anécdotas y confidencias.
250 _a2a ed.
260 _aMadrid :
_bEspasa-Calpe,
_c1966.
300 _a280 p. ;
_c18 cm.
490 1 _aAustral. Verde: ensayos y filosofía
_v187
500 _aIncluye índice de autores
650 4 _aEnsayos españoles
_93095
650 4 _aLiteratura española
_9632
830 0 _aAustral.
_pVerde: ensayos y filosofía;
_v187
_98733
910 _aCatalogación derivada / LC
910 _aWM
049 _aBNGR
999 _c19152
_d19152